00494 2200181 4500001002100000005001500021008004100036020002200077035002000099082000800119084001400127100002700141245005300168260004300221300002600264650001000290990001200300INLIS00000000000273320251007091040251007 0  a978-602-0935-45-4 a0010-0925000080 a200 a200 MAR r aMarfu 'Muhyiddin Ilyas1 aRahasia Sholat Khusyuk /cMarfu 'Muhyiddin Ilyas aJakarta :bEmir Cakrawala Islam,c2016 a216 ;c(14,5 x 21 cm) 4aFiksi a0754935